000
00345pam a2200157a 44500
008
230515b2001 xxu||||| |||| 00| 0 eng d
020
_a
NULL
041
_a
ENG
082
_a
618.1
100
_a
D C Dutta
245
_a
Text book of Gynaecology 3rd ed
250
_a
3rd
260
_a
NULL
_b
", nd, "
_c
2001
300
_a
604
650
_a
N.D.
999
_c
522332
_d
522332